| 000 | 00839 a2200229 4500 | ||
|---|---|---|---|
| 003 | Nust | ||
| 005 | 20170207171638.0 | ||
| 020 | _a9781420031423 (e-book : PDF) | ||
| 040 | _cNust | ||
| 100 | 1 | _aHerrmann, Debra S. | |
| 245 | 1 | 0 |
_aUsing the common criteria for IT security evaluation (E-Book) _h[Elektronisk resurs] / _cDebra S. Herrmann. |
| 260 |
_aBoca Raton, Fla. : _bAuerbach Publications, _cc2003. |
||
| 300 | _axvi, 288 p. | ||
| 538 | _aMode of access: World Wide Web. | ||
| 650 | 0 |
_aComputer security _xStandards. |
|
| 650 | 0 |
_aInformation technology _xStandards. |
|
| 650 | 0 |
_aTelecommunication _xSecurity measures _xEvaluation. |
|
| 650 | 0 |
_aTelecommunication _xSecurity measures _xStandards. |
|
| 651 | _aE-Book | ||
| 655 | 7 | _aElectronic books. | |
| 856 | 4 | 2 |
_uhttp://marc.crcnetbase.com/isbn/9781420031423 _qapplication/PDF |
| 942 |
_2ddc _cBK |
||
| 999 |
_c218018 _d218018 |
||